Mort Subite - Trouve les 45 sprinteurs en finale du 100m JO 1996-24 - Statistiques

Statistiques générales
  • Ce quiz a été pris 48 fois
  • Le résultat moyen est 16 sur 45
Answers on the Grid
Answers color-coded by a green-red scale on the quiz's grid according to % correct below.
Maurice Greene
Ato Boldon
Obadele Thompson
Dwain Chambers
Jon Drummond
Darren Campbell
Kim Collins
Aziz Zakari
Justin Gatlin
Francis Obikwelu
Shawn Crawford
Asafa Powell
Usain Bolt
Richard Thompson
Walter Dix
Churandy Martina
Michael Frater
Marc Burns
Darvis Patton
Yohan Blake
Ryan Bailey
Tyson Gay
Andre De Grasse
Akani Simbine
Ben Youssef Meïté
Jimmy Vicaut
Trayvon Bromell
Marcell Jacobs
Fred Kerley
Ronnie Baker
Su Bingtian
Enoch Adegoke
Zharnel Hughes
Noah Lyles
Kishane Thompson
Letsile Tebogo
Kenneth Bednarek
Oblique Seville
Donovan Bailey
Frankie Fredericks
Dennis Mitchell
Mike Marsh
Davidson Ezinwa
Michael Green
Linford Christie
Frank Russomanno
Cesar Flores
Michael York
Scott Poling
Stuart Ruff
Michael Byers
Patrick Rojek
Joe Jordan
Jed Stewart
Craig Cockburn
Brock Bourne
Avi Binyamin
Luciano Morana
Robert Greeson
Charles Hawkins
Gyeong Tae Yoo
Kazuma Fujiyama
George Kozel
Harvey Norris
Reed Goodmiller
Kevin Atkin
Sebastian Benz
Gunnar Ostlind
Joshua Reifer
Samuel Tape Okou
Milton Trickey
Cristian Mihu
Yulian Mitev
Lukasz Roczniak
Vincent Van Patten
Tommy Garza
Tuan Tai Nguyen
Jeffrey Deegan
Ellix Powers
Guillaume Jenner
Eden Reyes
Kev Nettles
Jason Cummings
Antti Pietarinen
Zeyu Chen
Tim Shane
Julio Abrantes
Stephen Landrum
Boubacar Camara
Jack Brown
 
Statistiques - réponses
Réponse % Correct
Asafa Powell
74%
Justin Gatlin
68%
Noah Lyles
68%
Tyson Gay
68%
Usain Bolt
68%
Yohan Blake
68%
Jimmy Vicaut
63%
Marcell Jacobs
58%
Kenneth Bednarek
53%
Kishane Thompson
53%
Letsile Tebogo
53%
Oblique Seville
53%
Andre De Grasse
47%
Fred Kerley
42%
Richard Thompson
42%
Donovan Bailey
37%
Francis Obikwelu
37%
Jon Drummond
37%
Maurice Greene
37%
Michael Green
37%
Obadele Thompson
37%
Trayvon Bromell
37%
Zharnel Hughes
37%
Dennis Mitchell
32%
Ryan Bailey
32%
Walter Dix
32%
Akani Simbine
26%
Dwain Chambers
26%
Frankie Fredericks
26%
Kim Collins
26%
Michael Frater
26%
Su Bingtian
26%
Ato Boldon
16%
Churandy Martina
16%
Darren Campbell
16%
Linford Christie
16%
Ben Youssef Meïté
11%
Darvis Patton
11%
Mike Marsh
11%
Ronnie Baker
11%
Shawn Crawford
11%
Davidson Ezinwa
5%
Marc Burns
5%
Aziz Zakari
0%
Enoch Adegoke
0%
Aucun quiz correspondant
Distribution des résultats
% des personnes avec chaque résultat
Percentile par nombre de réponses
Votre historique - résultats
Vous n’avez pas pris ce quiz